High impact leadership : make an impact on , your team , your company , your career

Bibliographic Details
Main Author: Cartey , Ronald
Format: Book
Published: Selangor : Golden books centre , 2000
Subjects:

MARC

LEADER 00000cam a2200000 7i4500
001 0000017198
005 20080521.0
008 080512
020 |a 9837204192 
090 0 0 |a 658.4092   |b CAR 
100 1 |a Cartey , Ronald 
245 1 0 |a High impact leadership :   |b make an impact on , your team , your company , your career   |c Ronald Cartey 
260 |a Selangor :   |b Golden books centre ,   |c 2000 
650 0 |a Leardership 
999 |a 0000811326   |b Book   |c Adult Collection   |e Cawangan Bandar Penawar 
999 |a 0000816770   |b Book   |c Adult Collection   |e Cawangan Mersing 
999 |a 0001014917   |b Book   |c Adult Collection   |e Perbadanan Perpustakaan Awam Johor 
999 |a 0001014918   |b Book   |c Adult Collection   |e Perbadanan Perpustakaan Awam Johor 
999 |a 0001014919   |b Book   |c Adult Collection   |e Cawangan Urban Transformation Centre